Bahut din beete - Dadra/ (Record no. 45263)
[ view plain ]
| 000 -LEADER | |
|---|---|
| fixed length control field | 01053njm a22002537a 4500 |
| 005 - DATE AND TIME OF LATEST TRANSACTION | |
| control field | 20100913103312.0 |
| 006 - FIXED-LENGTH DATA ELEMENTS--ADDITIONAL MATERIAL CHARACTERISTICS--GENERAL INFORMATION | |
| fixed length control field | a|||||r|||||00| 0 |
| 007 - PHYSICAL DESCRIPTION FIXED FIELD--GENERAL INFORMATION | |
| fixed length control field | sd ammalaaahaa |
| 008 - FIXED-LENGTH DATA ELEMENTS--GENERAL INFORMATION | |
| fixed length control field | 100907t xxu||||| |||| 00| 0 eng d |
| 028 ## - PUBLISHER NUMBER | |
| Publisher number | 7EPE 1508 |
| Source | His Master's Voice |
| 035 ## - SYSTEM CONTROL NUMBER | |
| System control number | GR-02143 |
| 100 ## - MAIN ENTRY--PERSONAL NAME | |
| Personal name | Akhtar, Begum |
| 9 (RLIN) | 18693 |
| 245 ## - TITLE STATEMENT | |
| Title | Bahut din beete - Dadra/ |
| Statement of responsibility, etc | by Begum Akhtar |
| Medium | [Sound recording] |
| 246 ## - VARYING FORM OF TITLE | |
| Title proper/short title | बहुत दिन बीते / बेगम अख्तर द्वारा |
| 260 ## - PUBLICATION, DISTRIBUTION, ETC. (IMPRINT) | |
| Place of publication, distribution, etc | Dum Dum, India |
| Name of publisher, distributor, etc | His Master's Voice |
| Date of publication, distribution, etc | 1971 |
| 300 ## - PHYSICAL DESCRIPTION | |
| Extent | 1 sound disc [Gramophone Recording] |
| Other physical details | analog, 33 1/3rpm ; |
| Dimensions | 7.5 in. (SP) |
| Type of unit | Gramaphone Records |
| 500 ## - GENERAL NOTE | |
| General note | Brief record |
| 500 ## - GENERAL NOTE | |
| General note | Record Labels : His Master's Voice, Mehroon |
| 505 ## - FORMATTED CONTENTS NOTE | |
| Formatted contents note | Side-2 कैसे काटें दिन रतियाँ (Kaise katen din ratiyan) (Begum Akhtar) |
| 650 ## - SUBJECT ADDED ENTRY--TOPICAL TERM | |
| Topical term or geographic name as entry element | Classical music |
| General subdivision | Excerpts |
| Geographic subdivision | India |
| 9 (RLIN) | 18694 |
| 700 ## - ADDED ENTRY--PERSONAL NAME | |
| 9 (RLIN) | 18695 |
| 942 ## - ADDED ENTRY ELEMENTS (KOHA) | |
| Source of classification or shelving scheme | Dewey Decimal Classification |
| Item type | Gramaphone Records |
| Withdrawn status | Lost status | Source of classification or shelving scheme | Damaged status | Not for loan | Collection code | Home library | Current library | Date acquired | Source of acquisition | Total Checkouts | Barcode | Date last seen | Copy number | Price effective from | Koha item type |
|---|---|---|---|---|---|---|---|---|---|---|---|---|---|---|---|
| Dewey Decimal Classification | Not For Loan | Non-fiction | Central Library | Central Library | 13/09/2010 | SED/VEN | GR-02143 | 13/09/2010 | 1 | 13/09/2010 | Gramaphone Records |
